000 00340pam a2200157a 44500
008 230515b2009 xxu||||| |||| 00| 0 eng d
020 _aNULL
041 _aENGLISH
082 _a006.133 DAV
100 _aFLANAGAN DAVID
245 _aJAVA IN A NUTSHELL
250 _a5
260 _aNULL
_bNA
_c2009
300 _a1221
650 _aNULL
999 _c636898
_d636898